Central Library OPAC University of Rajshahi

Agricultural success cases for rural poverty alleviation / (Record no. 46207)

MARC details
000 -LEADER
fixed length control field 00931nam a2200241 a 4500
001 - CONTROL NUMBER
control field 46207
003 - CONTROL NUMBER IDENTIFIER
rucl marc code BD-RjUL
005 - DATE AND TIME OF LATEST TRANSACTION
control field 20211209054124.0
008 - FIXED-LENGTH DATA ELEMENTS--GENERAL INFORMATION
fixed length control field 160801s1992 nyua b i100 0 eng d
035 ## - SYSTEM CONTROL NUMBER
System control number (BD-RjUL)46325
040 ## - CATALOGING SOURCE
Original cataloging agency CUY
Transcribing agency CUY
Language of cataloging eng
Modifying agency BD-RjUL
041 ## - LANGUAGE CODE
Language code of text/sound track or separate title eng
082 ## - DEWEY DECIMAL CLASSIFICATION NUMBER
Edition number 23
Classification number 362.5
Author mark and year AGR 1992
245 00 - TITLE STATEMENT
Title Agricultural success cases for rural poverty alleviation /
260 ## - PUBLICATION, DISTRIBUTION, ETC. (IMPRINT)
Place of publication, distribution, etc. New York :
Name of publisher, distributor, etc. United Nations Economic and Social Commission for Asia and the Pacific (ESCAP),
Date of publication, distribution, etc. 1992.
300 ## - PHYSICAL DESCRIPTION
Pagination v, 182 p. :
Illustrations ill. ;
Size 30 cm.
500 ## - GENERAL NOTE
General note "ST/ESCAP/1135"--T.p. verso.
General note "Comprises the case studies and other papers presented at the regional meeting"--P. iii.
504 ## - BIBLIOGRAPHY, ETC. NOTE
Bibliography, etc Includes bibliographical references.
650 #0 - SUBJECT ADDED ENTRY--TOPICAL TERM
Topical term or geographic name as entry element Agricultural extension work
Geographic subdivision Asia
Form subdivision Congresses.
9 (RLIN) 141162
710 2# - ADDED ENTRY--CORPORATE NAME
Corporate name or jurisdiction name as entry element United Nations.
Subordinate unit Economic and Social Commission for Asia and the Pacific.
9 (RLIN) 141151
942 ## - ADDED ENTRY ELEMENTS (KOHA)
Source of classification or shelving scheme Dewey Decimal Classification
Koha item type Books
Holdings
Lost status Source of classification or shelving scheme Damaged status Not for loan Collection code Permanent Location Current Location Shelving location Date acquired Source of acquisition Cost, normal purchase price Total Checkouts Full call number Date last seen Copy number Koha item type
  Dewey Decimal Classification     Non-fiction Central Library, University of Rajshahi Central Library, University of Rajshahi   02/04/1994 zeitlinger 250.00   362.5 AGR 1992 01/08/2016 C-2 Books